000 00431nam a2200133Ia 4500
008 240719s9999 xx 000 0 und d
041 _aeng
082 _a338.040 SEN
100 _aSengupta, Hindol
245 _aRecasting India How Entrepreneurship Is Revolutionizing The Worlds Largest Democracy
260 _aNew York
_bPalgrave Macmillan
_c2014
300 _a249.; P. 24. Cm
520 _aGifted By : IMT Faculty Dr.senthil kumar
999 _c41241
_d41241